|
|
|
|
| LEADER |
01464nam a22003017a 4500 |
| 001 |
39658 |
| 003 |
BD-DhAAL |
| 008 |
220922t2018 enka b 001 0 eng d |
| 999 |
|
|
|c 44560
|d 44560
|
| 020 |
|
|
|a 9781789344691
|
| 040 |
|
|
|a BD-DhAAL
|c BD-DhAAL
|
| 082 |
|
|
|a 005.133
|2 23
|
| 100 |
|
|
|a Antao, Tiago,
|e author.
|9 51526
|
| 245 |
|
|
|a Bioinformatics with Python cookbook :
|b learn how to use modern Python bioinformatics libraries and applications to do cutting-edge research in computational biology /
|c Tiago Antao.
|
| 250 |
|
|
|a Second edition.
|
| 260 |
|
|
|a Birmingham, UK :
|b Packt Publishing,
|c 2018.
|
| 300 |
|
|
|a vii, 344 pages :
|b illustrations ;
|c 24 cm.
|
| 500 |
|
|
|a Includes index.
|
| 526 |
|
|
|a CSE
|
| 541 |
|
|
|a Book Finder International
|e 39658, 39659
|
| 650 |
|
|
|a Bioinformatics.
|9 51527
|
| 650 |
|
|
|a Python (Computer program language).
|9 51528
|
| 650 |
|
|
|a Computational biology
|x Data processing.
|9 51529
|
| 650 |
|
|
|a Computer science.
|9 51530
|
| 852 |
|
|
|a Ayesha Abed Library
|c General Stacks
|
| 942 |
|
|
|2 ddc
|c BK
|
| 952 |
|
|
|0 0
|1 0
|2 ddc
|4 0
|6 005_133000000000000_ANT
|7 0
|9 71801
|a BRACUL
|b BRACUL
|c GEN
|d 2022-09-11
|e Book Finder International
|g 3155.17
|l 4
|m 18
|o 005.133 ANT
|p 3010039658
|q 2026-05-21
|r 2026-05-14
|s 2026-05-14
|t 1
|v 3155.17
|w 2022-09-11
|y BK
|
| 952 |
|
|
|0 0
|1 0
|2 ddc
|4 0
|6 005_133000000000000_ANT
|7 0
|9 71802
|a BRACUL
|b BRACUL
|c GEN
|d 2022-09-11
|e Book Finder International
|g 3155.17
|l 3
|m 22
|o 005.133 ANT
|p 3010039659
|r 2025-12-24
|s 2025-10-08
|t 2
|v 3155.17
|w 2022-09-11
|y BK
|